Statistics for Largest Country From Every Continent

Click here to take the quiz!

General Stats

  • This quiz has been taken 35 times
  • The average score is 6 of 6

Answer Stats

LocationAnswer% Correct
OceaniaAustralia
100%
North AmericaCanada
100%
South AmericaBrazil
97%
AsiaRussia
97%
Europe(Not Russia)France
88%
AfricaAlgeria
84%

Score Distribution

Percentile by Number Answered

Percent of People with Each Score

Your Score History

You have not taken this quiz